| 000 | 00441nam a2200169 4500 | ||
|---|---|---|---|
| 001 | 144910 | ||
| 003 | ES-MaACL | ||
| 005 | 20230906201127.0 | ||
| 007 | t| | ||
| 008 | 070214s1977 sp r ||||1| spa d | ||
| 100 | 1 |
_aSmith, Colin. _9106858 |
|
| 245 | 1 | 0 |
_aEstudios cidianos / _cColin Smith. |
| 250 | _a1ยช ed. | ||
| 260 |
_aMadrid : _bCupsa, _cTordesillas ( _f1977) |
||
| 300 |
_a297 p. ; _c21 cm. |
||
| 852 |
_aES-MaACL _jA-7776 _bR.96895 |
||
| 999 |
_c144910 _d144910 |
||